Určenie označenia mestského hromadného prostriedku pre Bratislavu
Salvato in:
| Autore principale: | |
|---|---|
| Altri autori: | |
| Natura: | Manoscritto Libro |
| Lingua: | slovacco |
| Pubblicazione: |
2016
|
| Soggetti: | |
| Accesso online: | http://is.stuba.sk/zp/portal_zp.pl?podrobnosti=107272 |
| Tags: |
Nessun Tag, puoi essere il primo ad aggiungerne!!
|
MARC
| LEADER | 00000ntm a22000003a 4500 | ||
|---|---|---|---|
| 001 | stuzp55695 | ||
| 003 | SK-STU | ||
| 005 | 20160830114006.7 | ||
| 007 | ta | ||
| 008 | 150427s2015----xo-----f-mn---000-0-slo-d | ||
| 040 | |a STU |b slo | ||
| 041 | 0 | |a slo | |
| 044 | |a xo | ||
| 100 | 1 | |a Štěpánek, Martin |u 035000 |4 aut |U FEI Fakulta elektrotechniky a informatiky |T FEI Ústav informatiky a matematiky |X 72936 |U E050 |Y 816 |7 72936 | |
| 242 | 0 | 1 | |a Identification of public transport lines for Bratislava |y eng |
| 245 | 1 | 0 | |a Určenie označenia mestského hromadného prostriedku pre Bratislavu |
| 260 | |c 2016 | ||
| 300 | |a 49 s., príl., |b DVD | ||
| 650 | 4 | |a Android |2 eng | |
| 650 | 4 | |a Bratislava |2 eng | |
| 650 | 4 | |a GPS |2 eng | |
| 650 | 4 | |a location |2 eng | |
| 650 | 4 | |a public transport vehicles |2 eng | |
| 650 | 4 | |a GPS |2 slo | |
| 650 | 4 | |a lokalizácia |2 slo | |
| 650 | 4 | |a Android |2 slo | |
| 650 | 4 | |a Bratislava |2 slo | |
| 650 | 4 | |a mestské hromadné prostriedky |2 slo | |
| 700 | 1 | |a Čavojský, Maroš |u 035000 |k Z3 |4 ths |U FEI Fakulta elektrotechniky a informatiky |T FEI Ústav informatiky a matematiky |X 64790 |U E050 |Y 816 |7 A000064790 | |
| 856 | 4 | |u http://is.stuba.sk/zp/portal_zp.pl?podrobnosti=107272 | |
| 996 | |b 284ER02229 |c E*Bc- 2229 |l EE35 |s P |a 0 |w stuzp55695_0001 | ||
| SQL | |a stuzp55695 |b DBP |c SLO |d Určenie označenia mestského hromadného prostriedku pre Bratislavu |e 72936 |f Štěpánek, Martin |g 035000 |h 64790 |i Čavojský, Maroš |j 20160707 |k 73 |l 03 |m http://is.stuba.sk/zp/portal_zp.pl?podrobnosti=107272 |n B-API |o 9.2.9. aplikovaná informatika | ||